[Event "Sigeman"]
[Site "Malmo/Copenhagen"]
[Date "2005.04.15"]
[Round "1"]
[White "Hansen, Sune Berg"]
[Black "Hector, Jonny"]
[Result "0-1"]
[WhiteElo "2553"]
[BlackElo "2513"]
[PlyCount "180"]
[EventDate "2005.04.??"]
[EventType "tourn"]
[EventRounds "9"]
[EventCountry "SWE"]
[SourceTitle "CBM 107"]
[Source "ChessBase"]
[SourceDate "2005.08.01"]

1. e4 e5 2. Nf3 Nc6 3. Bb5 a6 4. Ba4 Nf6 5. d3 Bc5 6. Nc3 d6 7. Bg5 h6 8. Bxc6+
bxc6 9. Be3 Bxe3 10. fxe3 O-O 11. O-O Nh7 12. Rf2 Qe7 13. Qd2 g6 14. Ne2 a5 15.
Ng3 h5 16. h3 c5 17. a4 Rb8 18. b3 Rb4 19. Raf1 c6 20. Kh2 d5 21. Qc3 h4 22.
Ne2 Re8 23. Nd2 f5 24. exf5 gxf5 25. Nf3 e4 26. dxe4 Rxe4 27. Qxa5 d4 28. Nc1
dxe3 29. Re2 Nf6 30. Nd3 c4 31. bxc4 Rxc4 32. Kg1 Qd6 33. Qe1 Ree4 34. Ng5 Re7
35. Nf3 Nd5 36. Nxh4 Qf6 37. Nf3 f4 38. Qh4 Qxh4 39. Nxh4 Rg7 40. Ne5 Re4 41.
Nd3 Bxh3 42. c4 Rxc4 43. Ra2 Bc8 44. Rb2 Ba6 45. Ra1 Rb7 46. Rxb7 Bxb7 47. Ne5
Re4 48. Nhf3 Nc3 49. a5 Ba6 50. Kh2 e2 51. Nxc6 Nd1 52. Ne1 Bb7 53. Rc1 Kg7 54.
Rc5 Kf6 55. Kg1 Ra4 56. Rc1 Ba8 57. Nf3 Rxa5 58. Ncd4 Bxf3 59. Nxf3 Ra2 60.
Rc6+ Kf5 61. Rc5+ Kf6 62. Rc4 Kf5 63. Rc5+ Ke4 64. Re5+ Kd3 65. Rd5+ Kc3 66.
Rc5+ Kb3 67. Rc8 Ra4 68. Ne1 Re4 69. Rc7 Re3 70. Rf7 Kc3 71. Rd7 Rg3 72. Rd8
Re3 73. Rd7 Kb2 74. Rc7 Nc3 75. Kf2 Ne4+ 76. Kg1 Rc3 77. Re7 Rc4 78. Kh2 Kc3
79. Rd7 Rd4 80. Rc7+ Kd2 81. Nf3+ Ke3 82. Nxd4 Kxd4 83. Rc1 Ke3 84. Kh3 Nf2+
85. Kh4 Nd1 86. Rc8 Kd3 87. Rd8+ Kc4 88. Re8 Ne3 89. Rc8+ Kd5 90. Rc1 Nd1 0-1

[Event "Sigeman"]
[Site "Malmo/Copenhagen"]
[Date "2005.04.15"]
[Round "1"]
[White "Iordachescu, Viorel"]
[Black "Hillarp Persson, Tiger"]
[Result "1-0"]
[WhiteElo "2609"]
[BlackElo "2533"]
[PlyCount "77"]
[EventDate "2005.04.??"]
[EventType "tourn"]
[EventRounds "9"]
[EventCountry "SWE"]
[SourceTitle "CBM 107"]
[Source "ChessBase"]
[SourceDate "2005.08.01"]

1. e4 g6 2. d4 Bg7 3. Nf3 d6 4. Bc4 Nf6 5. Qe2 O-O 6. e5 Ne8 7. h3 c5 8. c3 Nc6
9. O-O Nc7 10. Rd1 cxd4 11. cxd4 d5 12. Bb3 f6 13. Nc3 g5 14. Bc2 h6 15. Qd3 f5
16. a3 e6 17. g3 a5 18. h4 g4 19. Ne1 b6 20. Ng2 Ba6 21. Qe3 Qe8 22. f3 gxf3
23. Qxf3 b5 24. Nf4 Rc8 25. Be3 b4 26. axb4 axb4 27. Na4 Nb5 28. Qf2 Rc7 29.
Nc5 Bc8 30. Ba4 Nca7 31. Rdc1 Qe7 32. Ng6 Qf7 33. Nxf8 Bxf8 34. Nd3 Rc4 35. Bb3
Rxc1+ 36. Rxc1 Bd7 37. Nf4 Nc8 38. Kh2 Nb6 39. Rg1 1-0

[Event "Sigeman"]
[Site "Malmo/Copenhagen"]
[Date "2005.04.16"]
[Round "2"]
[White "Hermansson, Emil"]
[Black "Iordachescu, Viorel"]
[Result "0-1"]
[WhiteElo "2432"]
[BlackElo "2609"]
[PlyCount "79"]
[EventDate "2005.04.??"]
[EventType "tourn"]
[EventRounds "9"]
[EventCountry "SWE"]
[SourceTitle "CBM 107"]
[Source "ChessBase"]
[SourceDate "2005.08.01"]

1. e4 e5 2. Nf3 Nf6 3. Nxe5 d6 4. Nf3 Nxe4 5. d4 d5 6. Bd3 Nc6 7. O-O Be7 8. c4
Nb4 9. Be2 Be6 10. Nc3 O-O 11. Ne5 c5 12. Nxe4 dxe4 13. d5 Qc7 14. Ng4 Bxg4 15.
Bxg4 Nd3 16. Bd2 Bf6 17. Rb1 Bd4 18. Be3 f5 19. Be2 Bxe3 20. fxe3 Ne5 21. Qd2
Rf6 22. Rbd1 Qd6 23. a3 Raf8 24. b4 b6 25. bxc5 bxc5 26. Qa5 g5 27. g3 h5 28.
Rb1 h4 29. gxh4 f4 30. hxg5 f3 31. gxf6 Ng4 32. Rf2 Nxf2 33. Qxa7 Nh3+ 34. Kh1
Qxf6 35. Bf1 Nf2+ 36. Kg1 Ng4 37. Qc7 f2+ 38. Kh1 Nxe3 39. Qg3+ Qg7 40. Qxg7+
0-1

[Event "Sigeman"]
[Site "Malmo/Copenhagen"]
[Date "2005.04.17"]
[Round "3"]
[White "Hansen, Sune Berg"]
[Black "Hermansson, Emil"]
[Result "1-0"]
[WhiteElo "2553"]
[BlackElo "2432"]
[PlyCount "83"]
[EventDate "2005.04.??"]
[EventType "tourn"]
[EventRounds "9"]
[EventCountry "SWE"]
[SourceTitle "CBM 107"]
[Source "ChessBase"]
[SourceDate "2005.08.01"]

1. e4 c6 2. d4 d5 3. exd5 cxd5 4. c4 Nf6 5. Nc3 e6 6. Nf3 Bb4 7. Bd3 dxc4 8.
Bxc4 O-O 9. O-O b6 10. Bg5 Bb7 11. Ne5 Bxc3 12. bxc3 Nbd7 13. Qe2 Qc7 14. Nxd7
Nxd7 15. Rac1 Rfe8 16. Bb3 Qc6 17. Qg4 h6 18. Be3 Nf6 19. Qh3 Qe4 20. Bd1 Qg6
21. c4 Rac8 22. Be2 Bc6 23. Rfe1 Red8 24. Red1 Rb8 25. Bf4 Rb7 26. f3 b5 27.
Be5 bxc4 28. Bxc4 Ba4 29. Re1 Rb4 30. a3 Rb7 31. Qh4 Rc8 32. Bd3 Qxd3 33. Rxc8+
Ne8 34. Qg4 g5 35. Qe4 Qd2 36. Qe3 Qa2 37. d5 Qxd5 38. h4 Bd7 39. Rc5 Qb3 40.
Rc3 Qb6 41. Bd4 Qa5 42. Rc5 1-0

[Event "Sigeman"]
[Site "Malmo/Copenhagen"]
[Date "2005.04.17"]
[Round "3"]
[White "Palo, Davor"]
[Black "Hansen, Curt"]
[Result "0-1"]
[WhiteElo "2525"]
[BlackElo "2633"]
[PlyCount "126"]
[EventDate "2005.04.??"]
[EventType "tourn"]
[EventRounds "9"]
[EventCountry "SWE"]
[SourceTitle "CBM 107"]
[Source "ChessBase"]
[SourceDate "2005.08.01"]

1. d4 Nf6 2. c4 e6 3. Nf3 b6 4. Nc3 Bb4 5. Bg5 h6 6. Bh4 Bxc3+ 7. bxc3 d6 8.
Nd2 Nbd7 9. e4 e5 10. Bd3 Nf8 11. Nf3 Ng6 12. Bg3 Qe7 13. Nh4 Nxh4 14. Bxh4 g5
15. Bg3 Bb7 16. f3 Nh5 17. Qa4+ Qd7 18. Qxd7+ Kxd7 19. O-O-O f6 20. c5 Ke7 21.
cxd6+ cxd6 22. Rd2 Rac8 23. Kb2 Nxg3 24. hxg3 h5 25. f4 exf4 26. gxf4 gxf4 27.
Rh4 Rcg8 28. Rxf4 Rg4 29. Rdf2 Rxf4 30. Rxf4 Rg8 31. Bf1 Rg4 32. Rf5 h4 33. e5
fxe5 34. dxe5 Bxg2 35. exd6+ Kxd6 36. Bxg2 Rxg2+ 37. Kb3 h3 38. Rh5 h2 39. a4
a5 40. Kc4 Rd2 41. Rh4 Ke6 42. Kb5 Rb2+ 43. Ka6 Kf5 44. c4 Kg5 45. Rh8 Kg4 46.
Rh6 Kg5 47. Rh8 Kf4 48. Rh6 Kg3 49. Rg6+ Kf2 50. Rh6 Kg1 51. Rg6+ Rg2 52. Rxb6
Rg5 53. Rh6 h1=Q 54. Rxh1+ Kxh1 55. Kb6 Kg2 56. c5 Kf3 57. c6 Ke4 58. c7 Rg8
59. Kxa5 Kd5 60. Kb6 Kd6 61. a5 Kd7 62. Kb7 Rc8 63. a6 Rxc7+ 0-1

[Event "Sigeman"]
[Site "Malmo/Copenhagen"]
[Date "2005.04.18"]
[Round "4"]
[White "Hector, Jonny"]
[Black "Palo, Davor"]
[Result "1/2-1/2"]
[WhiteElo "2513"]
[BlackElo "2525"]
[PlyCount "82"]
[EventDate "2005.04.??"]
[EventType "tourn"]
[EventRounds "9"]
[EventCountry "SWE"]
[SourceTitle "CBM 107"]
[Source "ChessBase"]
[SourceDate "2005.08.01"]

1. e4 c6 2. d4 d5 3. f3 g6 4. e5 h5 5. c3 Bf5 6. Be3 e6 7. Nd2 Qb6 8. b4 Bh6 9.
Bxh6 Nxh6 10. Be2 a5 11. a3 Nd7 12. Nb3 axb4 13. axb4 O-O 14. h3 h4 15. Qc1 Kg7
16. f4 Be4 17. Nf3 Nf5 18. Kf2 Ng3 19. Re1 Rxa1 20. Qxa1 Nxe2 21. Rxe2 Bxf3 22.
gxf3 Qb5 23. Nc1 b6 24. Rb2 Qc4 25. Ne2 f6 26. Qa7 Rf7 27. exf6+ Nxf6 28. Qxb6
Qd3 29. Ra2 Nh5 30. Qb8 Ng3 31. Qe5+ Kh7 32. Qxe6 Rg7 33. Qf6 Nf5 34. Qxc6 Re7
35. Qxd5 Qb1 36. Ra8 Rxe2+ 37. Kxe2 Qc2+ 38. Ke1 Qc1+ 39. Ke2 Qc2+ 40. Ke1 Qc1+
41. Ke2 Qc2+ 1/2-1/2

[Event "Sigeman"]
[Site "Malmo/Copenhagen"]
[Date "2005.04.18"]
[Round "4"]
[White "Iordachescu, Viorel"]
[Black "Hansen, Sune Berg"]
[Result "1/2-1/2"]
[WhiteElo "2609"]
[BlackElo "2553"]
[PlyCount "61"]
[EventDate "2005.04.??"]
[EventType "tourn"]
[EventRounds "9"]
[EventCountry "SWE"]
[SourceTitle "CBM 107"]
[Source "ChessBase"]
[SourceDate "2005.08.01"]

1. e4 c5 2. Nf3 d6 3. d4 cxd4 4. Nxd4 Nf6 5. Nc3 a6 6. Be3 e5 7. Nb3 Be6 8. f4
exf4 9. Bxf4 Nc6 10. Qd2 d5 11. O-O-O Nxe4 12. Nxe4 dxe4 13. Qe3 Qf6 14. Qxe4
Be7 15. Bd3 Nb4 16. Nd4 Bd5 17. Qf5 Nxd3+ 18. Rxd3 O-O 19. Kb1 Bc4 20. Rg3 g6
21. Be5 Qxf5 22. Nxf5 Rfe8 23. Nxe7+ Rxe7 24. Bc3 Rae8 25. b3 Bb5 26. Rd1 Re2
27. Kc1 Bc6 28. Rd2 Re1+ 29. Rd1 R1e2 30. Rd2 Re1+ 31. Rd1 1/2-1/2

[Event "Sigeman"]
[Site "Malmo/Copenhagen"]
[Date "2005.04.20"]
[Round "5"]
[White "Palo, Davor"]
[Black "Hillarp Persson, Tiger"]
[Result "1-0"]
[WhiteElo "2525"]
[BlackElo "2533"]
[PlyCount "87"]
[EventDate "2005.04.??"]
[EventType "tourn"]
[EventRounds "9"]
[EventCountry "SWE"]
[SourceTitle "CBM 107"]
[Source "ChessBase"]
[SourceDate "2005.08.01"]

1. d4 e6 2. c4 Bb4+ 3. Bd2 a5 4. Nf3 d6 5. Nc3 f5 6. g3 Nf6 7. Bg2 Qe7 8. O-O
O-O 9. Qc2 Kh8 10. Rac1 Nbd7 11. Rfd1 c6 12. a3 Bxc3 13. Bxc3 Ne4 14. b4 axb4
15. axb4 d5 16. Be1 Nd6 17. c5 Nb5 18. e3 e5 19. dxe5 Nxe5 20. Nd4 Nxd4 21.
Rxd4 Bd7 22. Bc3 Kg8 23. Rdd1 Be8 24. Qe2 Bg6 25. Ra1 Rae8 26. Ra7 Qf7 27. Bxe5
Rxe5 28. Qb2 Re7 29. Rd4 Qe8 30. h4 Bh5 31. b5 h6 32. bxc6 bxc6 33. Rxe7 Qxe7
34. Qb6 Qf6 35. Kh2 g5 36. hxg5 hxg5 37. Ra4 Be8 38. Bf3 f4 39. exf4 Qh6+ 40.
Kg2 gxf4 41. Bxd5+ Kh8 42. g4 f3+ 43. Bxf3 Qc1 44. Qb4 1-0

[Event "Sigeman"]
[Site "Malmo/Copenhagen"]
[Date "2005.04.20"]
[Round "5"]
[White "Timman, Jan H"]
[Black "Hermansson, Emil"]
[Result "1-0"]
[WhiteElo "2607"]
[BlackElo "2432"]
[PlyCount "107"]
[EventDate "2005.04.??"]
[EventType "tourn"]
[EventRounds "9"]
[EventCountry "SWE"]
[SourceTitle "CBM 107"]
[Source "ChessBase"]
[SourceDate "2005.08.01"]

1. c4 c5 2. Nf3 Nc6 3. Nc3 e5 4. g3 g6 5. Bg2 Bg7 6. O-O d6 7. d3 Nge7 8. a3 a5
9. Bg5 f6 10. Bd2 O-O 11. Ne1 Be6 12. Nc2 d5 13. cxd5 Nxd5 14. Ne3 Nde7 15. Rb1
Qc7 16. Ned5 Nxd5 17. Bxd5 Bxd5 18. Nxd5 Qf7 19. e4 Ne7 20. Nxe7+ Qxe7 21. Qb3+
Rf7 22. Rbc1 Qd6 23. Be3 b6 24. Qc4 Bf8 25. f4 Raa7 26. f5 g5 27. Rc3 a4 28. b3
Qd7 29. Qe6 Kg7 30. Qxb6 Rb7 31. Qe6 axb3 32. Qxd7 Rfxd7 33. Rb1 b2 34. Kf2 Rb5
35. Ke2 Ra7 36. Kd2 Rba5 37. Rxb2 Rxa3 38. Bxc5 Bxc5 39. Rxc5 Ra2 40. Rc7+ Kh6
41. Rxa2 Rxa2+ 42. Ke3 g4 43. Rf7 Rxh2 44. Rxf6+ Kg5 45. Rf7 h5 46. Rg7+ Kf6
47. Rg6+ Kf7 48. d4 exd4+ 49. Kxd4 Rh3 50. e5 Rxg3 51. e6+ Ke7 52. Rg7+ Kd6 53.
e7 Kd7 54. f6 1-0

[Event "Sigeman"]
[Site "Malmo/Copenhagen"]
[Date "2005.04.22"]
[Round "7"]
[White "Hansen, Curt"]
[Black "Hermansson, Emil"]
[Result "1/2-1/2"]
[WhiteElo "2633"]
[BlackElo "2432"]
[PlyCount "53"]
[EventDate "2005.04.??"]
[EventType "tourn"]
[EventRounds "9"]
[EventCountry "SWE"]
[SourceTitle "CBM 107"]
[Source "ChessBase"]
[SourceDate "2005.08.01"]

1. c4 c5 2. Nf3 Nc6 3. Nc3 e5 4. d3 g6 5. a3 Bg7 6. b4 d6 7. Rb1 Nge7 8. g3 O-O
9. Bg2 cxb4 10. axb4 d5 11. Nxd5 Nxd5 12. cxd5 Qxd5 13. O-O Qb5 14. Nd2 Nxb4
15. Nc4 a5 16. Bd2 Rd8 17. Nxa5 Qxa5 18. Bxb4 Qa2 19. Ra1 Qxa1 20. Qxa1 Rxa1
21. Rxa1 e4 22. Ra8 exd3 23. exd3 Bf6 24. Ba5 Rf8 25. Bb4 Rd8 26. Ba5 Rf8 27.
Bb4 1/2-1/2

[Event "Sigeman"]
[Site "Malmo/Copenhagen"]
[Date "2005.04.22"]
[Round "7"]
[White "Hector, Jonny"]
[Black "Hillarp Persson, Tiger"]
[Result "1-0"]
[WhiteElo "2513"]
[BlackElo "2533"]
[PlyCount "77"]
[EventDate "2005.04.??"]
[EventType "tourn"]
[EventRounds "9"]
[EventCountry "SWE"]
[SourceTitle "CBM 107"]
[Source "ChessBase"]
[SourceDate "2005.08.01"]

1. e4 e6 2. d4 d5 3. Nc3 dxe4 4. Nxe4 Bd7 5. Be3 Bc6 6. f3 Nd7 7. Bd3 Ngf6 8.
Nh3 Bxe4 9. fxe4 c5 10. e5 Nd5 11. Bf2 cxd4 12. O-O Nxe5 13. Bb5+ Nc6 14. Bxd4
Nf6 15. Bxc6+ bxc6 16. Bxf6 gxf6 17. Qf3 Qb6+ 18. Kh1 Be7 19. Nf4 Rd8 20. Rae1
c5 21. b3 h5 22. Nxh5 Qc7 23. h3 Rd2 24. Rd1 Rxd1 25. Rxd1 Rh6 26. Qa8+ Bd8 27.
Ng3 f5 28. Ne2 Rh4 29. a4 Rb4 30. Qf3 Qb7 31. Qg3 Be7 32. Rd2 Re4 33. Nc3 Rd4
34. Qg8+ Kd7 35. Re2 Rh4 36. Qxf7 Rxh3+ 37. Kg1 Rh6 38. Rd2+ Kc6 39. Qe8+ 1-0

[Event "Sigeman"]
[Site "Malmo/Copenhagen"]
[Date "2005.04.23"]
[Round "8"]
[White "Hansen, Sune Berg"]
[Black "Palo, Davor"]
[Result "1/2-1/2"]
[WhiteElo "2553"]
[BlackElo "2525"]
[PlyCount "33"]
[EventDate "2005.04.??"]
[EventType "tourn"]
[EventRounds "9"]
[EventCountry "SWE"]
[SourceTitle "CBM 107"]
[Source "ChessBase"]
[SourceDate "2005.08.01"]

1. d4 d5 2. Nf3 Nf6 3. Nc3 g6 4. Bf4 Bg7 5. e3 O-O 6. Be2 c5 7. Ne5 cxd4 8.
exd4 Be6 9. O-O Nbd7 10. Re1 Rc8 11. Qd2 Nxe5 12. Bxe5 a6 13. Bd3 Qd7 14. a4
Bf5 15. a5 Bxd3 16. Qxd3 Qc6 17. Qf3 1/2-1/2

[Event "Sigeman"]
[Site "Malmo/Copenhagen"]
[Date "2005.04.23"]
[Round "8"]
[White "Iordachescu, Viorel"]
[Black "Hansen, Curt"]
[Result "1/2-1/2"]
[WhiteElo "2609"]
[BlackElo "2633"]
[PlyCount "52"]
[EventDate "2005.04.??"]
[EventType "tourn"]
[EventRounds "9"]
[EventCountry "SWE"]
[SourceTitle "CBM 107"]
[Source "ChessBase"]
[SourceDate "2005.08.01"]

1. e4 e6 2. d4 d5 3. Nd2 c5 4. Ngf3 a6 5. c3 cxd4 6. cxd4 dxe4 7. Nxe4 Bb4+ 8.
Bd2 Bxd2+ 9. Qxd2 Nf6 10. Bd3 O-O 11. Ne5 Nbd7 12. Rd1 b5 13. O-O Bb7 14. Rfe1
Nxe4 15. Bxe4 Bxe4 16. Rxe4 Rc8 17. g3 Nf6 18. Re3 Qd6 19. Rd3 h6 20. Rc1 Qd5
21. a3 Ne4 22. Qe3 Rfd8 23. h4 Qb7 24. Rdd1 Nd6 25. Rxc8 Rxc8 26. Rc1 Rxc1+
1/2-1/2

[Event "Sigeman"]
[Site "Malmo/Copenhagen"]
[Date "2005.04.24"]
[Round "9"]
[White "Hansen, Curt"]
[Black "Hansen, Sune Berg"]
[Result "1/2-1/2"]
[WhiteElo "2633"]
[BlackElo "2553"]
[PlyCount "51"]
[EventDate "2005.04.??"]
[EventType "tourn"]
[EventRounds "9"]
[EventCountry "SWE"]
[SourceTitle "CBM 107"]
[Source "ChessBase"]
[SourceDate "2005.08.01"]

1. d4 Nf6 2. c4 e6 3. Nf3 d5 4. Nc3 Bb4 5. Bg5 h6 6. Bxf6 Qxf6 7. Qa4+ Nc6 8.
cxd5 exd5 9. e3 O-O 10. Be2 Be6 11. O-O a6 12. Rac1 Bd6 13. Qd1 Ne7 14. Ne1
Rad8 15. Na4 Nf5 16. g3 Rfe8 17. Bf3 Nh4 18. Bg4 Bxg4 19. Qxg4 Nf5 20. Nd3 c6
21. b4 Re4 22. Qf3 Qg6 23. Nac5 Nh4 24. Qe2 Nf5 25. Qf3 Re7 26. Qf4 1/2-1/2

[Event "Sigeman"]
[Site "Malmo/Copenhagen"]
[Date "2005.04.24"]
[Round "9"]
[White "Hector, Jonny"]
[Black "Iordachescu, Viorel"]
[Result "1-0"]
[WhiteElo "2513"]
[BlackElo "2609"]
[PlyCount "63"]
[EventDate "2005.04.??"]
[EventType "tourn"]
[EventRounds "9"]
[EventCountry "SWE"]
[SourceTitle "CBM 107"]
[Source "ChessBase"]
[SourceDate "2005.08.01"]

1. e4 c6 2. d4 d5 3. Nd2 dxe4 4. Nxe4 Bf5 5. Ng3 Bg6 6. h4 h6 7. Nf3 Nd7 8. h5
Bh7 9. Bd3 Bxd3 10. Qxd3 e6 11. Bf4 Qa5+ 12. Nd2 Ngf6 13. c4 Be7 14. Qe2 O-O
15. O-O Rfe8 16. Rfd1 b5 17. a3 Rac8 18. Rac1 Qa6 19. Be5 bxc4 20. Nxc4 c5 21.
b3 cxd4 22. Bxd4 e5 23. Be3 Nc5 24. b4 Nb3 25. Rc2 Nd4 26. Bxd4 exd4 27. Qd3
Nd5 28. Qxd4 Nxb4 29. axb4 Red8 30. Qg4 Rxd1+ 31. Qxd1 Rxc4 32. Qf1 1-0

[Event "Sigeman"]
[Site "Malmo/Copenhagen"]
[Date "2005.04.24"]
[Round "9"]
[White "Hillarp Persson, Tiger"]
[Black "Hermansson, Emil"]
[Result "0-1"]
[WhiteElo "2533"]
[BlackElo "2432"]
[PlyCount "80"]
[EventDate "2005.04.??"]
[EventType "tourn"]
[EventRounds "9"]
[EventCountry "SWE"]
[SourceTitle "CBM 107"]
[Source "ChessBase"]
[SourceDate "2005.08.01"]

1. d4 Nf6 2. c3 g6 3. Bg5 Bg7 4. Nd2 d5 5. e3 O-O 6. Bd3 Nbd7 7. f4 c5 8. Ngf3
cxd4 9. exd4 h6 10. Bxf6 Nxf6 11. Ne5 Bf5 12. Bxf5 gxf5 13. O-O Qd6 14. a4 a6
15. a5 Rfb8 16. h3 b6 17. axb6 Rxb6 18. b4 Qc7 19. Rf3 e6 20. Kh1 Rbb8 21. Qe2
a5 22. b5 a4 23. g4 a3 24. gxf5 exf5 25. Rg3 Kh7 26. Qd3 Ne4 27. Nxe4 fxe4 28.
Qe2 f6 29. Nc6 Rb7 30. Qg4 Qd7 31. Qg6+ Kh8 32. c4 a2 33. Kh2 dxc4 34. Qxe4
Rxb5 35. Rg2 Re8 36. Qg6 Rb3 37. f5 Qc7+ 38. Ne5 Rxe5 39. Qxg7+ Qxg7 40. Rxg7
Re2+ 0-1